Essays on New Zealand literature.

Saved in:
Bibliographic Details
Other Authors: Curnow, Wystan, 1939- (comp.)
Format: Book
Language:English
Published: Auckland, N.Z. : Heinemann Educational Books, 1973.
Subjects:
LEADER 00939nam a2200265 a 4500
001 c000301645
003 CARM
005 20130930132132.0
008 740916s1973 nz b 001 0 eng
015 |a NZ*** 
019 1 |a 339719  |z 22022399  |5 LACONCORD2021 
020 |a 0435181955 
035 |a (OCoLC)911840  |5 LACONCORD2021 
040 |a VCAV  |c VCAV 
043 |a u-nz--- 
082 0 4 |a 820 
245 0 0 |a Essays on New Zealand literature. 
260 |a Auckland, N.Z. :  |b Heinemann Educational Books,  |c 1973. 
300 |a viii, 192 p. ;  |c 23 cm. 
504 |a Includes bibliographical references. 
650 0 |a New Zealand literature  |x History and criticism. 
700 1 |a Curnow, Wystan,  |d 1939-  |e comp. 
852 8 |b CARM  |h A1:AM36C0  |i B09807  |p 0440967  |f BK 
999 f f |i 7fd74c21-2d27-505b-90c6-37b790df6d31  |s ff3d1ec3-c077-5452-8dc0-7f72faa7352f 
952 f f |p Can circulate  |a CAVAL  |b CAVAL  |c CAVAL  |d CARM 1 Store  |e B09807  |f A1:AM36C0  |h Other scheme  |i book  |m 0440967